00599nam a2200181Ia 4500003000900000008004100009020001800050040001600068080001800084245017400102250001400276260002800290300001700318650001900335650002100354650002100375700002100396IN-BaIIA211028s9999 xx 000 0 eng d a0-333-55867-7 cIIA Library a058(100)bHUN 4aThe Statesman's year-bookbstatistical and historical annual of the states of the World for the 1992-1993cedited by Brian Hunter  a129th ed. aLondonbMacmillanc1992 axlviii,1702p aNASA Thesaurus aNations-Yearbook aYearbook-Nations aHunter, Brian ed